000 01134nam a22002777a 4500
001 BD-DhSAU 9278
003 BD-DhSAU
005 20260122161009.0
008 150613b2018 bg a|||| m||| 00| 0 eng d
040 _aBD-DhSAU
082 _222
_a635
_bOs53
100 _aGANI, MD. OSMAN
_eRegistration # 17-08057
245 _aInfluence of organic nutrient sources and biocontrol agents with reduced chemical fertilizer on growth, yield and quality of onion /
_bMS thesis
260 _aSher-e-Bangla Agricultural University :
_bDepartment of Horticulture,
_c2024.
300 _ax, 82p. :
_bill. ;
_c30 cm.
500 _aMS thesis of Department of Horticulture, Faculty of Agriculture, Sher-e-Bangla Agricultural University, Dhaka, Bangladesh
504 _aIncludes bibliographical reference.
590 _aNazmul
650 _aorganic nutrient sources
650 _abiocontrol agents w
651 _achemical fertilizer on growth, yield and quality of onion
700 _aAssoc. Prof. Khairul Kabir
_eSuperviser
700 _aAssoc. Prof. Dr. Mohammad Shah Jahan
_eCo-superviser
942 _2ddc
_cTHESIS
999 _c18209
_d18208